00639nam a2200193Ia 4500008004100000020001800041082001600059100001700075245002300092250000900115260004200124300002500166500001900191600002100210650005000231942000700281952014000288999001700428240925s9999 xx 000 0 und d a9789673498109 a005.133 DIE aDietel, Paul 0aC++ how to program a10th aNew Delhi:bPearson Educationc,2020. a544p.bN.AfOriginal aIncludes Index aComputer Science aComputer science, information & general works cBK 001040708CSaUITUbUITUd2021-12-28eBook World Internationalg12287.52l0o005.133 DIEpQ15494r2024-09-25 07:17:43w0000-00-00yBK c17993d17993